| 000 | 01236nam a22002537a 4500 | ||
|---|---|---|---|
| 999 |
_c59029 _d59029 |
||
| 003 | Ge_BSU | ||
| 005 | 20221102113710.0 | ||
| 008 | 221102s2010 ge ||||| |||| 00| 0 geo d | ||
| 020 | _a9789941148538 | ||
| 041 | _ageo | ||
| 080 | _a001.101(075.8) ჯ-67 | ||
| 100 |
_aჯოლია, გურამ _915726 |
||
| 245 |
_aცოდნის ეკონომიკა და მართვა : სახელმძღვ. / _c გ. ჯოლია, დ. სეხნიაშვილი ; [რედ. გიორგი მალაშხია] ; სტუ. |
||
| 264 |
_aთბილისი : _bტექნ. უნ-ტი, _c2010. |
||
| 300 |
_a320 გვ. : _bცხრ., ნახ. ; _c20 სმ. |
||
| 501 | _aდანართები: გვ. 296-316. | ||
| 504 | _aბიბლიოგრ. ტექსტ. შენიშვნ. და გვ. 317-319. | ||
| 653 | _aცოდნის ეკონომიკა | ||
| 653 | _aცოდნის მართვა | ||
| 700 |
_aსეხნიაშვილი, დალი _eავტორი _913248 |
||
| 700 |
_aმალაშხია, გიორგი _eრედაქტორი _97239 |
||
| 710 |
_a სტუ. _915727 |
||
| 942 |
_2udc _cBK |
||